00278nam a2200121Ia 4500008004100000100001500041245003100056260002700087300000800114650001000122942000700132999001700139190216s9999||||xx |||||||||||||| ||und|| aGulab Simh 0aHindi-Bams-Ban Aur Bamsuri bAlpana Prakashanc2008 a108 aHindi cBK c16544d16544